书目信息 |
| 题名: |
二十世纪的美国与中国
|
|
| 作者: | 谢勒 著 ;徐泽荣 译 | |
| 分册: | ||
| 出版信息: | 北京 三联书店 1985 |
|
| 页数: | 271页 | |
| 开本: | 19cm | |
| 丛书名: | ||
| 单 册: | ||
| 中图分类: | D829.712 | |
| 科图分类: | ||
| 主题词: | 中外关系--国际关系史--美国 | |
| 电子资源: | ||
| ISBN: | ||
| 000 | 00811nam0 2200253 45 | |
| 001 | 0185001883 | |
| 005 | 20050629104742.1 | |
| 010 | @dCNY1.45 | |
| 091 | @a11002.642 | |
| 100 | @a19900823d1985 emky0chiy0121 ea | |
| 101 | 1 | @achi@ceng |
| 102 | @aCN@b110000 | |
| 105 | @ay z 000yy | |
| 200 | 10 | @a二十世纪的美国与中国@Aer shi shi ji de mei guo yu zhong guo@f(美)迈克尔·谢勒著@F(Mei)Mai Ke Er·Xie Le Zhu@g徐泽荣译 |
| 210 | @a北京@c三联书店@d1985 | |
| 215 | @a271页@d19cm | |
| 300 | @a系作者《美国十字军在中国1938--1945》一书的姊妹篇 根据纽约牛津大学出版社1979年版译 | |
| 606 | @a中外关系@x国际关系史@y美国 | |
| 690 | @aD829.712@v3 | |
| 701 | 0 | @a谢勒@4著 |
| 702 | 0 | @a徐泽荣@Axu ze rong@4译 |
| 801 | 0 | @aCN@b深圳图书馆@c20040430 |
| 801 | 2 | @aCN@bNLC@c20040430 |
| 905 | @dD829.712@e21@f1@b135012 | |
| 二十世纪的美国与中国/(美)迈克尔·谢勒著/徐泽荣译.-北京:三联书店,1985 |
| 271页;19cm |
| 系作者《美国十字军在中国1938--1945》一书的姊妹篇 根据纽约牛津大学出版社1979年版译 |
| ISBN :CNY1.45 |
| ● |
| 相关链接 |
|
|
|
|
正题名:二十世纪的美国与中国
索取号:D829.712/21
 
预约/预借
| 序号 | 登录号 | 条形码 | 馆藏地/架位号 | 状态 | 备注 |
| 1 | 0135010 | 001024661 | 第一借阅区/ [索取号:D829.712/21] | 在馆 | |
| 2 | 0135011 | 001024652 | 第一借阅区/ [索取号:D829.712/21] | 在馆 | |
| 3 | 0135012 | 001024670 | 第一样本阅览室/ [索取号:D829.712/21] | 在馆 |